000 00390nam a2200133Ia 4500
008 220217s9999||||xx |||||||||||||| ||und||
020 _a81-7656-520-2
082 _a005.13 MUK
100 _aMukhi, Vijay Godhwani, Suraj & Mukhi, Sonal
_93640
245 0 _aVisual studio. Net with C#
260 _aBPB publications
_bNew Delhi
_c2001
300 _b180
650 _aPROGRAMMING LANGUAGE
999 _c172329
_d172329